Discover Thailand : (Record no. 6365)

MARC details
000 -LEADER
fixed length control field 03369nam a22002657a 4500
001 - CONTROL NUMBER
control field 6365
003 - CONTROL NUMBER IDENTIFIER
control field FISKH
005 - DATE AND TIME OF LATEST TRANSACTION
control field 20250424100104.0
008 - FIXED-LENGTH DATA ELEMENTS--GENERAL INFORMATION
fixed length control field 250424b cb ||||| |||| 00| 0 eng d
020 ## - INTERNATIONAL STANDARD BOOK NUMBER
International Standard Book Number 9781741799941
040 ## - CATALOGING SOURCE
Original cataloging agency FISKH
Language of cataloging eng
Transcribing agency FISKH
Modifying agency FISKH
050 ## - LIBRARY OF CONGRESS CALL NUMBER
Classification number DS563.D57
082 ## - DEWEY DECIMAL CLASSIFICATION NUMBER
Classification number 915.930444
100 ## - MAIN ENTRY--PERSONAL NAME
Personal name Williams, China
245 ## - TITLE STATEMENT
Title Discover Thailand :
Remainder of title Experience the best of Thailand /
Statement of responsibility, etc. By China Williams, Mark Beales, Tim Bewer, Catherine Bodry, Austin Bush and Brandon Presser
260 ## - PUBLICATION, DISTRIBUTION, ETC.
Place of publication, distribution, etc. Fort Mill :
Name of publisher, distributor, etc. Lonely Planet ,
Date of publication, distribution, etc. 2010.
300 ## - PHYSICAL DESCRIPTION
Extent 408 pages :
Other physical details color illustrations, maps ;
Dimensions 20 cm .
490 ## - SERIES STATEMENT
Series statement Lonely Planet
520 ## - SUMMARY, ETC.
Summary, etc. Lonely Planet: The world's leading travel guide publisher Lonely Planet's Discover Thailand is your passport to the most relevant, up-to-date advice on what to see and skip, and what hidden discoveries await you. Listen to monks chant in a Bangkok temple, indulge in a beachfront Thai massage on a coral-fringed island, or trek through the jungle to see elephants and gibbons; all with your trusted travel companion. Discover the best of Thailand and begin your journey now! Inside Lonely Planet's Discover Thailand: Full-colourmaps and images throughout Highlightsand itineraries help you tailor your trip to your personal needs and interests Insider tips to save time and money and get around like a local, avoiding crowds and trouble spots Essential infoat your fingertips - hours of operation, phone numbers, websites, transit tips, prices Honest reviews for all budgets - eating, sleeping, sight-seeing, going out, shopping, hidden gems that most guidebooks miss Cultural insightsgive you a richer, more rewarding travel experience - customs, history, art, music, architecture, politics, religion, environment, wildlife, cuisine Free, convenient pull-out Bangkok map (included in print version), plus over 40 colour maps CoversBangkok, Chiang Mai, Chiang Rai, Northern Thailand, Ko Samui, Gulf Coast, Phuket, Andaman Coast and more The Perfect Choice:Lonely Planet's Discover Thailand, our easy-to-use guide, filled with inspiring and colorful photos, focuses on Thailand's most popular attractions for those looking for the best of the best. Looking for a comprehensive guide that recommends both popular and offbeat experiences, and extensively covers all the country hasto offer? Check outLonely Planet's Thailand guide. Looking for a guide for Bangkok or Phuket? Check out Lonely Planet's Bangkokguide for a comprehensive look at all the cityhas to offer; orLonely Planet's Pocket Bangkokor Phuket, handy-sized guides focused on the can't-miss sights for a quick trip. Authors:Written and researched by Lonely Planet, China Williams, Austin Bush, Tim Bewer, Mark Beales, David Eimer, Celeste Brash and Adam Skolnick. About Lonely Planet:Since 1973, Lonely Planet has become the world's leading travel media company with guidebooks to every destination, an award-winning website, mobile and digital travel products, and a dedicated traveller community. Lonely Planet covers must-see spots but also enables curious travellers to get off beaten paths to understand more of the culture of the places in which they find themselves. <br/>
650 ## - SUBJECT ADDED ENTRY--TOPICAL TERM
Topical term or geographic name entry element Guide book
Form subdivision Non-fiction
650 ## - SUBJECT ADDED ENTRY--TOPICAL TERM
Topical term or geographic name entry element Thailand
Form subdivision Non-fiction
700 ## - ADDED ENTRY--PERSONAL NAME
Personal name Beales,Mark
Relator term Illustrator
942 ## - ADDED ENTRY ELEMENTS (KOHA)
Source of classification or shelving scheme Dewey Decimal Classification
Koha item type Books
Suppress in OPAC No
Holdings
Withdrawn status Lost status Source of classification or shelving scheme Damaged status Not for loan Collection Home library Current library Shelving location Date acquired Total Checkouts Full call number Barcode Date last seen Price effective from Koha item type
    Dewey Decimal Classification     Non-Fiction Footprints International School Library Network Toul Tom Poung Campus Footprints International School Library Network Toul Tom Poung Campus TTP Secondary Non-Fiction Bookshelves 04/24/2025   WIL 915.930444 DS563.D57 2025-1111 04/24/2025 04/24/2025 Books